000 00276nam a22001217a 4500
008 170327b xxu||||| |||| 00| 0 eng d
041 _aeng
080 _24 ED
_a615.83
100 _a8
101 _aSHM
245 _aSTRUCTURE AND FUNCTION IN MAN
_cJACOBS.S.W
942 _2udc
_cBK
999 _c8704
_d8704